Normal view
MARC view
Entry Geographic Name
001 - CONTROL NUMBER
- control field: 6094
003 - CONTROL NUMBER IDENTIFIER
- control field: ARRUPE
005 - DATE AND TIME OF LATEST TRANSACTION
- control field: 20131219163525.0
008 - FIXED-LENGTH DATA ELEMENTS
- fixed length control field: 131219|| aca||aabn | a|a d
040 ## - CATALOGING SOURCE
- Original cataloging agency: ARRUPE
- Transcribing agency: ARRUPE
151 ## - HEADING--GEOGRAPHIC NAME
- Geographic name: Great Britain
- General subdivision: History
- Chronological subdivision: Victoria, 1837-1901.
670 ## - SOURCE DATA FOUND
- Source citation: Work cat.: (ARRUPE)0: Young, G. M. (George Malcolm), 1882-1959. 6093, Portrait of an age /, 2002.